Studentʼs manual of accounting : (Record no. 2700)
[ view plain ]
| 000 -LEADER | |
|---|---|
| fixed length control field | 00780cam a2200193 a 4500 |
| 001 - CONTROL NUMBER | |
| control field | 11766433 |
| 005 - DATE AND TIME OF LATEST TRANSACTION | |
| control field | 20250120093424.0 |
| 008 - FIXED-LENGTH DATA ELEMENTS--GENERAL INFORMATION | |
| fixed length control field | 990729s1999 enka 000 0 eng d |
| 020 ## - INTERNATIONAL STANDARD BOOK NUMBER | |
| International Standard Book Number | 1861525060 |
| 020 ## - INTERNATIONAL STANDARD BOOK NUMBER | |
| International Standard Book Number | 9781861525062 |
| 050 00 - LIBRARY OF CONGRESS CALL NUMBER | |
| Classification number | HF5616 |
| Item number | .G7S78 1999 |
| 082 00 - DEWEY DECIMAL CLASSIFICATION NUMBER | |
| Classification number | 657/.0941 |
| Edition information | 21 |
| 245 00 - TITLE STATEMENT | |
| Title | Studentʼs manual of accounting : |
| Remainder of title | the guide to UK accounting law and practice / |
| Statement of responsibility, etc. | the Accounting Technical Department of PricewaterhouseCoopers, chartered accountants ; legal consultant editor, Justice Arden. |
| 260 ## - PUBLICATION, DISTRIBUTION, ETC. | |
| Place of publication, distribution, etc. | London : |
| Name of publisher, distributor, etc. | International Thomson Business Press, |
| Date of publication, distribution, etc. | c1999. |
| 300 ## - PHYSICAL DESCRIPTION | |
| Extent | 2 v. (various pagings) : |
| Other physical details | ill. ; |
| Dimensions | 24 cm. |
| 650 #4 - SUBJECT ADDED ENTRY--TOPICAL TERM | |
| Topical term or geographic name entry element | Accounting |
| Geographic subdivision | Great Britain. |
| 710 2# - ADDED ENTRY--CORPORATE NAME | |
| Corporate name or jurisdiction name as entry element | PricewaterhouseCoopers LLP |
| Subordinate unit | Accounting Technical Department. |
| 942 ## - ADDED ENTRY ELEMENTS (KOHA) | |
| Source of classification or shelving scheme | Library of Congress Classification |
| Koha item type | Books |
| Suppress in OPAC | No |
| 999 ## - | |
| -- | 2700 |
| -- | 2700 |
| Withdrawn status | Lost status | Source of classification or shelving scheme | Damaged status | Not for loan | Collection | Home library | Current library | Shelving location | Date acquired | Total checkouts | Full call number | Barcode | Date last seen | Copy number | Price effective from | Koha item type |
|---|---|---|---|---|---|---|---|---|---|---|---|---|---|---|---|---|
| Library of Congress Classification | Non-fiction | Business Library (Miotso) | Business Library (Miotso) | General stacks | 01/20/2025 | HF5616 .G7S78 1999 | BSSM00000468 | 01/20/2025 | 1 | 01/20/2025 | Books | |||||
| Library of Congress Classification | Non-fiction | Business Library (Miotso) | Business Library (Miotso) | General stacks | 01/20/2025 | HF5616 .G7S78 1999 | BSSM00000469 | 01/20/2025 | 2 | 01/20/2025 | Books | |||||
| Library of Congress Classification | Graduate Library (Christ Temple) | Graduate Library (Christ Temple) | General stacks | 02/16/2026 | HF 5616.G7 STU | gsct00002567 | 02/16/2026 | 02/16/2026 | Books | |||||||
| Library of Congress Classification | Graduate Library (Christ Temple) | Graduate Library (Christ Temple) | General stacks | 02/16/2026 | HF 5616.G7 STU | gsct00002568 | 02/16/2026 | 02/16/2026 | Books | |||||||
| Library of Congress Classification | Non-fiction | Undergraduate Library (Christ Temple) | Undergraduate Library (Christ Temple) | General stacks | 02/26/2025 | HF5616.G7 STU | ulct00001417 | 02/26/2025 | 1 | 02/26/2025 | Books | |||||
| Library of Congress Classification | Non-fiction | Undergraduate Library (Christ Temple) | Undergraduate Library (Christ Temple) | General stacks | 02/26/2025 | HF5616.G7 STU | ulct00001418 | 02/26/2025 | 2 | 02/26/2025 | Books | |||||
| Library of Congress Classification | Non-fiction | Undergraduate Library (Christ Temple) | Undergraduate Library (Christ Temple) | General stacks | 02/26/2025 | HF5616.G7 STU | ulct00001419 | 02/26/2025 | 3 | 02/26/2025 | Books | |||||
| Library of Congress Classification | Non-fiction | Undergraduate Library (Christ Temple) | Undergraduate Library (Christ Temple) | General stacks | 02/26/2025 | HF5616.G7 STU | ulct00001420 | 02/26/2025 | 4 | 02/26/2025 | Books |